Security and Trust Management 15th International Workshop, STM 2019, Luxembourg City, Luxembourg, September 26-27, 2019, Proceedings /

This book constitutes the proceedings of the 15th International Workshop on Security and Trust Management, STM 2019, held in Luxembourg City, Luxembourg, in September 2019, and co-located with the 24th European Symposium Research in Computer Security, ESORICS 2019. The 9 full papers and 1 short pape...

Full description

Bibliographic Details
Corporate Author: SpringerLink (Online service)
Other Authors: Mauw, Sjouke (Editor, http://id.loc.gov/vocabulary/relators/edt), Conti, Mauro (Editor, http://id.loc.gov/vocabulary/relators/edt)
Format: Electronic eBook
Language:English
Published: Cham : Springer International Publishing : Imprint: Springer, 2019.
Edition:1st ed. 2019.
Series:Security and Cryptology ; 11738
Subjects:
Online Access:Full Text via HEAL-Link
LEADER 03587nam a2200553 4500
001 978-3-030-31511-5
003 DE-He213
005 20191026202326.0
007 cr nn 008mamaa
008 190916s2019 gw | s |||| 0|eng d
020 |a 9783030315115  |9 978-3-030-31511-5 
024 7 |a 10.1007/978-3-030-31511-5  |2 doi 
040 |d GrThAP 
050 4 |a QA76.9.A25 
072 7 |a UR  |2 bicssc 
072 7 |a COM053000  |2 bisacsh 
072 7 |a UR  |2 thema 
072 7 |a UTN  |2 thema 
082 0 4 |a 005.8  |2 23 
245 1 0 |a Security and Trust Management  |h [electronic resource] :  |b 15th International Workshop, STM 2019, Luxembourg City, Luxembourg, September 26-27, 2019, Proceedings /  |c edited by Sjouke Mauw, Mauro Conti. 
250 |a 1st ed. 2019. 
264 1 |a Cham :  |b Springer International Publishing :  |b Imprint: Springer,  |c 2019. 
300 |a IX, 169 p. 71 illus., 13 illus. in color.  |b online resource. 
336 |a text  |b txt  |2 rdacontent 
337 |a computer  |b c  |2 rdamedia 
338 |a online resource  |b cr  |2 rdacarrier 
347 |a text file  |b PDF  |2 rda 
490 1 |a Security and Cryptology ;  |v 11738 
505 0 |a Improving Identity and Authentication Assurance in Research and Education Federations -- Audit-Based Access Control with a Distributed Ledger: Applications to Healthcare Organizations -- Is a Smarter Grid Also Riskier -- BioID: a Privacy-Friendly Identity Document -- On the Statistical Detection of Adversarial Instances over Encrypted Data -- Understanding Attestation: Analyzing Protocols that use Quotes -- Challenges of Using Trusted Computing for Collaborative Data Processing -- Secure Trust Evaluation Using Multipath and Referral Chain Methods -- Personal Cross-Platform Reputation -- An OBDD-based Technique for the Efficient Synthesis of Garbled Circuits. 
520 |a This book constitutes the proceedings of the 15th International Workshop on Security and Trust Management, STM 2019, held in Luxembourg City, Luxembourg, in September 2019, and co-located with the 24th European Symposium Research in Computer Security, ESORICS 2019. The 9 full papers and 1 short paper were carefully reviewed and selected from 23 submissions. The papers present novel research on all theoretical and practical aspects of security and trust in ICTs. 
650 0 |a Computer security. 
650 0 |a Computers and civilization. 
650 0 |a E-commerce. 
650 0 |a Application software. 
650 1 4 |a Systems and Data Security.  |0 http://scigraph.springernature.com/things/product-market-codes/I28060 
650 2 4 |a Computers and Society.  |0 http://scigraph.springernature.com/things/product-market-codes/I24040 
650 2 4 |a e-Commerce/e-business.  |0 http://scigraph.springernature.com/things/product-market-codes/I26000 
650 2 4 |a Information Systems Applications (incl. Internet).  |0 http://scigraph.springernature.com/things/product-market-codes/I18040 
700 1 |a Mauw, Sjouke.  |e editor.  |0 (orcid)0000-0002-2818-4433  |1 https://orcid.org/0000-0002-2818-4433  |4 edt  |4 http://id.loc.gov/vocabulary/relators/edt 
700 1 |a Conti, Mauro.  |e editor.  |0 (orcid)0000-0002-3612-1934  |1 https://orcid.org/0000-0002-3612-1934  |4 edt  |4 http://id.loc.gov/vocabulary/relators/edt 
710 2 |a SpringerLink (Online service) 
773 0 |t Springer eBooks 
776 0 8 |i Printed edition:  |z 9783030315108 
776 0 8 |i Printed edition:  |z 9783030315122 
830 0 |a Security and Cryptology ;  |v 11738 
856 4 0 |u https://doi.org/10.1007/978-3-030-31511-5  |z Full Text via HEAL-Link 
912 |a ZDB-2-SCS 
912 |a ZDB-2-LNC 
950 |a Computer Science (Springer-11645)